Objects,abstraction, ata structures and design using C++

When it comes to writing code, preparation is crucial to success. Before you can begin writing successful code, you need to first work through your options and analyze the expected performance of your design. That's why Elliot Koffman and Paul Wolfgang's Objects, Abstraction, Data Structur...

Cijeli opis

Spremljeno u:
Bibliografski detalji
Glavni autor: Koffman, Elliot B.
Format: Knjiga
Jezik:Undetermined
Izdano: New Jersey John Willey & Sons 2006
Teme:
Oznake: Dodaj oznaku
Bez oznaka, Budi prvi tko označuje ovaj zapis!
Thư viện lưu trữ: Trung tâm Học liệu Trường Đại học Cần Thơ
LEADER 01499nam a2200205Ia 4500
001 CTU_100575
008 210402s9999 xx 000 0 und d
020 |c 1407000 
082 |a 005.133 
082 |b K78 
100 |a Koffman, Elliot B. 
245 0 |a Objects,abstraction, ata structures and design using C++ 
245 0 |c Elliot B. Koffman, Paul A. Woffman 
260 |a New Jersey 
260 |b John Willey & Sons 
260 |c 2006 
520 |a When it comes to writing code, preparation is crucial to success. Before you can begin writing successful code, you need to first work through your options and analyze the expected performance of your design. That's why Elliot Koffman and Paul Wolfgang's Objects, Abstraction, Data Structures, and Design: Using C++ encourages you to Think, Then Code, to help you make good decisions in those critical first steps in the software design process. The text helps you thoroughly understand basic data structures and algorithms, as well as essential design skills and principles. Approximately 20 case studies show you how to apply those skills and principles to real-world problems. Along the way, you'll gain an understanding of why different data structures are needed, the applications they are suited for, and the advantages and disadvantages of their possible implementations. 
650 |a Data structures (Computer science),C++ (Computer program language) 
904 |i Vương 
980 |a Trung tâm Học liệu Trường Đại học Cần Thơ